Biggest Cities in Countries by First Letter-A - Statistics

General Stats
  • This quiz has been taken 37 times
  • The average score is 14 of 20
Answer Stats
Population Answer % Correct
5,248,000 Sydney
100%
15,752,000 Buenos Aires
97%
2,005,000 Vienna
94%
3,004,000 Algiers
92%
2,568,000 Brisbane
92%
5,392,000 Melbourne
92%
2,169,000 Perth
92%
4,877,000 Kabul
83%
1,392,000 Adelaide
81%
1,641,000 Cordoba
81%
10,027,000 Luanda
78%
2,496,000 Baku
72%
1,100,000 Yerevan
72%
1,631,000 Rosario
64%
966,000 Oran
56%
1,257,000 Mendoza
53%
934,000 La Plata
28%
1,051,000 San Miguel de Tucuman
22%
991,000 Cabinda
14%
1,048,000 Lubango
11%
No matching quizzes found
Score Distribution
Percent of People with Each Score
Percentile by Number Answered
Your Score History
You have not taken this quiz